| 000 | 01713cam a22004337a 4500 | ||
|---|---|---|---|
| 999 |
_c10378 _d10378 |
||
| 001 | 16900165 | ||
| 003 | GZU | ||
| 005 | 20220323114605.0 | ||
| 008 | 110802s2011 enka b 001 0 eng | ||
| 010 | _a 2011288069 | ||
| 015 |
_aGBB0C7536 _2bnb |
||
| 016 | 7 |
_a101578136 _2DNLM |
|
| 016 | 7 |
_a015678390 _2Uk |
|
| 020 | _a9780340983539 (pbk.) | ||
| 020 | _a0340983531 (pbk.) | ||
| 020 | _a9781444122305 (international student ed.) | ||
| 020 | _a1444122304 (international student ed.) | ||
| 035 | _a(OCoLC)ocn750648182 | ||
| 040 |
_aNLM _beng _cNLM _dUKMGB _dYDXCP _dUAB _dBTCTA _dUKWOH _dKIJ _dBWI _dDLC |
||
| 042 |
_anlmcopyc _alccopycat |
||
| 050 | 0 | 0 |
_aRG526 _b.OBS 2011 |
| 082 | 0 | 4 |
_a618.2 _222 |
| 245 | 0 | 0 |
_aObstetrics by ten teachers / _cedited by Philip N. Baker and Louise C. Kenny |
| 250 |
_a19th edition / _bedited by Philip N. Baker, Louise C. Kenny. |
||
| 260 |
_aLondon : _bHodder Arnold, _c2011. |
||
| 300 |
_axiv, 319 pages : _billustrations (some colour) ; _c25 cm. |
||
| 500 | _aPrevious ed.: 2006. | ||
| 504 | _aIncludes bibliographical references and index. | ||
| 520 | 8 | _aIn line with recent curriculum changes, this new edition integrates basic sciences and clinical material to aid a thorough understanding of the underlying disease processes. | |
| 650 | 0 | _aObstetrics. | |
| 650 | 1 | 2 | _aObstetrics. |
| 650 | 2 | 2 | _aPregnancy Complications. |
| 700 | 1 |
_aBaker, Philip, _d1962- _eeditor |
|
| 700 | 1 |
_aKenny, Louise C. _q(Louise Clare) _eeditor |
|
| 906 |
_a7 _bcbc _ccopycat _d2 _encip _f20 _gy-gencatlg |
||
| 942 |
_2lcc _cBK _e19th edition _h526 _iOBS _kRG |
||